Normal view MARC view

Entry Uniform Title

Number of records used in: 1

001 - CONTROL NUMBER

  • control field: 40166

003 - CONTROL NUMBER IDENTIFIER

  • control field: dpl

005 - DATE AND TIME OF LATEST TRANSACTION

  • control field: 20120125153011.0

008 - FIXED-LENGTH DATA ELEMENTS

  • fixed length control field: 120125|||a|||||| | ||| d

040 ## - CATALOGING SOURCE

  • Original cataloging agency: dpl
  • Transcribing agency: dpl

130 ## - HEADING--UNIFORM TITLE

  • Uniform title: Interesting original stories for children

670 ## - SOURCE DATA FOUND

  • Source citation: Work cat.: (dpl): U.J.Shastri 40165, Sumi /

670 ## - SOURCE DATA FOUND

  • Source citation: Work cat.: (dpl): U.J.Shastri 40165, Sumi /

© Delhi Public Library
Hit Counter
free hit counter